000 00324 a2200121 4500
001 ART_12240
005 20260410161904.0
008 260409a
245 1 0 _aAUTOREG
100 1 _aHendry, David F.
700 1 _aSrba, Frank
773 0 _tJournal of econometrics
_g- Vol. 12, NÂș 1 (ene. 1980)
_wREV11720
999 _c26202
_d26202